Business Opportunities Enhancement Act (draft legislation to amend the Buy Indian Act) : hearing before the Select Committee on Indian Affairs, United States Senate, One Hundred Second Congress, second session, on to increase employment and business opportunities for Indians, July 2, 1992, Washington, DC.

Bibliographic Details
Corporate Authors: United States. Congress. Senate. Select Committee on Indian Affairs, ProQuest (Firm)
Format: Government Document eBook
Language:English
Published: Washington : U.S. G.P.O., 1992.
Series:U.S. Congressional Hearings.
Subjects:
Online Access:Connect to the full text of this electronic book

MARC

Tag First Indicator Second Indicator Subfields
LEADER 00000cam a22000001a 4500
001 in00003256521
006 m d f
007 cr bn mmmapmmp
008 091024s1992 dcu o f000 0 eng d
005 20260511204727.5
035 |a cis2007462885 
040 |a UMI  |c UMI  |d UtOrBLW 
043 |a n-us--- 
074 |a 1009-B-05 
074 |a 1009-C-05 (MF) 
086 0 |a Y 4.IN 2/11:S.HRG.102-905 
099 |a HRG-1992-IAF-0022 
110 1 |a United States.  |b Congress.  |b Senate.  |b Select Committee on Indian Affairs. 
245 1 0 |a Business Opportunities Enhancement Act (draft legislation to amend the Buy Indian Act) :  |b hearing before the Select Committee on Indian Affairs, United States Senate, One Hundred Second Congress, second session, on to increase employment and business opportunities for Indians, July 2, 1992, Washington, DC. 
264 1 |a Washington :  |b U.S. G.P.O.,  |c 1992. 
300 |a 1 online resource. 
336 |a text  |b txt  |2 rdacontent 
337 |a computer  |b c  |2 rdamedia 
338 |a online resource  |b cr  |2 rdacarrier 
490 1 |a S. hrg. ;  |v 102-905 
500 |a Record is based on bibliographic data in ProQuest Congressional Hearings Digital Collection. Reuse except for individual research requires license from ProQuest, LLC. 
538 |a System requirements: PDF reader software. 
500 |a Electronic resource. 
650 0 |a Indians of North America  |x Education  |x Law and legislation. 
650 0 |a Indian business enterprises. 
650 0 |a Indians of North America  |x Government relations. 
655 7 |a Electronic books.  |2 local 
710 2 |a ProQuest (Firm) 
776 0 8 |i Print version:  |a United States. Congress. Senate. Select Committee on Indian Affairs  |t Business Opportunities Enhancement Act (draft legislation to amend the Buy Indian Act)  |w (DGPO)93067840  |w (OCoLC)27527126 
776 0 8 |i Microfiche version:  |a United States. Congress. Senate. Select Committee on Indian Affairs  |t Business Opportunities Enhancement Act (draft legislation to amend the Buy Indian Act).  |d [Bethesda, Md.] : ProQuest,[2004]  |o CIS 93 S411-5  |w (ProQuest)cis09302411 
810 1 |a United States.  |b Congress.  |b Senate.  |t S. hrg. ;  |v 102-905. 
830 0 |a U.S. Congressional Hearings. 
856 4 0 |u http://proxy.library.tamu.edu/login?url=https://congressional.proquest.com/congcomp/getdoc?HEARING-ID=HRG-1992-IAF-0022  |z Connect to the full text of this electronic book  |t 0 
998 |a cis09302411 
999 |a MARS 
999 f f |s fed7b2e2-1fc0-3e5b-8ef3-753401ac6d76  |i 91abbead-a9ec-3632-8a5e-66cb1350e1e7  |t 0 
952 f f |a Texas A&M University  |b College Station  |c Electronic Resources  |s www_evans  |d Available Online  |t 0  |e HRG-1992-IAF-0022  |h Other scheme 
998 f f |a HRG-1992-IAF-0022  |t 0  |l Available Online